<?xml version="1.0" encoding="UTF-8"?>
<marc:record xmlns:marc="http://www.loc.gov/MARC21/slim">
   <marc:leader>00000nam a2200000 a 4500</marc:leader>
   <marc:datafield ind1="1" ind2=" " tag="100">
      <marc:subfield code="a">Hoffmann, Hilmar</marc:subfield>
   </marc:datafield>
   <marc:datafield ind1=" " ind2=" " tag="653">
      <marc:subfield code="a">Kultur</marc:subfield>
   </marc:datafield>
   <marc:datafield ind1=" " ind2=" " tag="653">
      <marc:subfield code="a">Deutschland</marc:subfield>
   </marc:datafield>
   <marc:datafield ind1=" " ind2=" " tag="653">
      <marc:subfield code="a">Außenpolitik</marc:subfield>
   </marc:datafield>
   <marc:datafield ind1=" " ind2=" " tag="653">
      <marc:subfield code="a">Bildung</marc:subfield>
   </marc:datafield>
   <marc:datafield ind1="0" ind2="0" tag="245">
      <marc:subfield code="a">Freund oder Fratze?</marc:subfield>
   </marc:datafield>
   <marc:datafield ind1="0" ind2="0" tag="245">
      <marc:subfield code="b">das Bild von Deutschland in der Welt und die Aufgaben der Kulturpolitik</marc:subfield>
   </marc:datafield>
   <marc:datafield ind1=" " ind2="1" tag="264">
      <marc:subfield code="a">Frankfurt/M. (u.a.)</marc:subfield>
      <marc:subfield code="b">Campus</marc:subfield>
      <marc:subfield code="c">1994</marc:subfield>
   </marc:datafield>
   <marc:datafield ind1="1" ind2=" " tag="520">
      <marc:subfield code="a">Seit der "Wende" stagniert die (Auswärtige) Kulturpolitik Deutschlands: nicht nur, weil weniger Finanzen zur Verfügung stehen, sondern auch, weil offenbar eine große Unsicherheit über ihre Aufgaben in einer grundlegend veränderten Welt besteht. Hilmar Hoffmann, nach seinen aktiven Jahren als Frankfurter Kulturchef, nun Präsident des Goethe-Instituts und Kurt-Jürgen-Maß, stv. Generalsekretär der Alexander-von-Humboldt-Stiftung, gewannen insgesamt 26 Autoren aus dem In- und Ausland, Beiträge für eine neue Standortbestimmung zu leisten, was eine nach Umfang und Gewicht recht unterschiedliche Plaette ergab. In einem ersten Teil werden Stellungnahmen zur Frage "Was wir versäumt haben" präsentiert. Autoren wie Hoffmann selbst, Hildegard Hamm-Brücher, Gerhard Schröder u.a. kritiseren, daß auswärtige Kulturpolitik sich immer mehr auf die Vermittlung eines möglichst positiven Bilds von Deutschland und sprachkurse verengt, während Prinzipien wie Offenheit, Pluralität, Begegnung und Austausch der Kulturen in den Hintergrund treten. Weitere Beiträge urgieren Offenheit für Afrika und die Kulturen des Südens überhaupt. Abschließend geben ausländische Autoren Ratschläge aus europäischer, japanischer, jüdischer, osteuropäischer und US-amerikanischer Sicht.</marc:subfield>
   </marc:datafield>
   <marc:datafield ind1=" " ind2=" " tag="020">
      <marc:subfield code="a">359335215X</marc:subfield>
      <marc:subfield code="9">359335215X</marc:subfield>
   </marc:datafield>
   <marc:datafield ind1="0" ind2=" " tag="490">
      <marc:subfield code="v">0</marc:subfield>
   </marc:datafield>
   <marc:datafield ind1=" " ind2=" " tag="542">
      <marc:subfield code="d">Hoffmann, Hilmar</marc:subfield>
   </marc:datafield>
   <marc:datafield ind1=" " ind2=" " tag="300">
      <marc:subfield code="a">199 S.</marc:subfield>
   </marc:datafield>
</marc:record>
